[Event "2BLW 2223 Aachener SV - SV Oberursel"]
[Site "?"]
[Date "2023.02.04"]
[Round "5.8"]
[White "Meessen, Rudolf"]
[Black "Papadopoulos, Ioannis"]
[Result "0-1"]
[WhiteElo "2178"]
[BlackElo "2142"]
[PlyCount "84"]
[EventDate "2023.??.??"]

1. d4 Nf6 2. Nc3 d5 3. Bf4 e6 4. Nb5 Na6 5. e3 c6 6. Nc3 Nb8 7. a3 a5 8. g4 h6 9. h4 Bd6 10. Qf3 Bxf4 11. Qxf4 Nbd7 12. Nf3 b5 13. Bd3 Bb7 14. Ne2 Qb8 15. O-O-O Qxf4 16. Nxf4 Nxg4 17. Rdf1 Ngf6 18. h5 b4 19. a4 c5 20. Bb5 Ba6 21. Bxd7+ Nxd7 22. Rfg1 Rg8 23. Rh2 Rc8 24. Rhg2 Kf8 25. Kb1 cxd4 26. exd4 Rc4 27. Rg3 Nf6 28. b3 Rc3 29. Ne5 Rxg3 30. Rxg3 Ne4 31. Re3 Bb7 32. f3 Nd6 33. Nd7+ Ke7 34. Nc5 Kd8 35. Nfxe6+ fxe6 36. Rxe6 Kc7 37. Re7+ Kc6 38. f4 Bc8 39. Nd3 Nf5 40. Ne5+ Kb6 41. Rf7 Be6 42. Nd7+ Kc7 0-1

[Event "2BLW 2223 SG Solingen II - Düsseldorfe"]
[Site "?"]
[Date "2023.02.04"]
[Round "5.1"]
[White "Berelowitsch, Alexander"]
[Black "Chanda, Sandipan"]
[Result "1/2-1/2"]
[WhiteElo "2497"]
[BlackElo "2453"]
[PlyCount "96"]
[EventDate "2023.??.??"]

1. e4 c5 2. Nf3 d6 3. d4 cxd4 4. Nxd4 Nf6 5. Nc3 e5 6. Bb5+ Nbd7 7. Nf5 a6 8. Ba4 b5 9. Bb3 Nc5 10. Bg5 Bxf5 11. exf5 Be7 12. O-O O-O 13. Bxf6 Bxf6 14. Qf3 b4 15. Ne4 Nxe4 16. Qxe4 a5 17. a4 bxa3 18. Rxa3 Rc8 19. Rd1 Qb6 20. g3 Rc5 21. Ra4 Kh8 22. Rc4 Rxc4 23. Qxc4 g6 24. fxg6 fxg6 25. Rd3 a4 26. Qxa4 Bg7 27. Rd2 Bh6 28. Re2 Bc1 29. c3 Qb7 30. Qc4 Qf3 31. Rc2 Bh6 32. Qd5 e4 33. Qd4+ Bg7 34. Qe3 Qd1+ 35. Kg2 d5 36. Qe2 Qxe2 37. Rxe2 d4 38. cxd4 Bxd4 39. Bc4 Re8 40. b4 Bb6 41. b5 Kg7 42. Rd2 Rf8 43. Re2 Rf5 44. h4 h5 45. Be6 Rxb5 46. Rxe4 Kf6 47. Bc4 Re5 48. Rf4+ Rf5 1/2-1/2

[Event "2BLW 2223 SG Solingen II - Düsseldorfe"]
[Site "?"]
[Date "2023.02.04"]
[Round "5.2"]
[White "Roseneck, Jonas"]
[Black "Orlov, Andrey"]
[Result "1/2-1/2"]
[WhiteElo "2404"]
[BlackElo "2512"]
[PlyCount "34"]
[EventDate "2023.??.??"]

1. c4 e5 2. Nc3 Nc6 3. Nf3 Nge7 4. d4 exd4 5. Nxd4 Nxd4 6. Qxd4 Nc6 7. Qe3+ Be7 8. g3 O-O 9. Bg2 Re8 10. O-O Bb4 11. Qd2 d6 12. a3 Bxc3 13. Qxc3 Rxe2 14. b4 Qf6 15. Qxf6 gxf6 16. Be3 a5 17. c5 dxc5 1/2-1/2

[Event "2BLW 2223 SG Solingen II - Düsseldorfe"]
[Site "?"]
[Date "2023.02.04"]
[Round "5.3"]
[White "Levin, Felix"]
[Black "Wegerle, Joerg"]
[Result "1-0"]
[WhiteElo "2449"]
[BlackElo "2414"]
[PlyCount "59"]
[EventDate "2023.??.??"]

1. c4 e6 2. g3 d5 3. Nf3 Nf6 4. Bg2 dxc4 5. Qa4+ Nbd7 6. Qxc4 a6 7. Qc2 Be7 8. O-O O-O 9. d4 c5 10. Rd1 Ra7 11. Nc3 b5 12. Ne5 Bb7 13. Nxd7 Nxd7 14. d5 Qb6 15. a4 b4 16. a5 Qc7 17. dxe6 fxe6 18. Bxb7 Rxb7 19. Ne4 c4 20. Bg5 b3 21. Qd2 Nc5 22. Nxc5 Bxc5 23. Be3 Bb4 24. Qd4 c3 25. Rdc1 c2 26. Qd3 Bxa5 27. Ra3 Rd8 28. Qxa6 Rd1+ 29. Kg2 Rxc1 30. Rxa5 1-0

[Event "2BLW 2223 SG Solingen II - Düsseldorfe"]
[Site "?"]
[Date "2023.02.04"]
[Round "5.4"]
[White "Gaponenko, Inna"]
[Black "Sorensen, Hampus"]
[Result "1/2-1/2"]
[WhiteElo "2341"]
[BlackElo "2445"]
[PlyCount "67"]
[EventDate "2023.??.??"]

1. e4 e5 2. Nf3 Nc6 3. d4 exd4 4. Bc4 Bc5 5. Ng5 Nh6 6. Nxf7 Nxf7 7. Bxf7+ Kxf7 8. Qh5+ g6 9. Qxc5 d5 10. O-O dxe4 11. c3 Re8 12. cxd4 Qxd4 13. Qg5 Bf5 14. Nc3 Ne5 15. Qh4 h5 16. Be3 Qc4 17. Rad1 Ng4 18. h3 Nf6 19. Bd4 Nh7 20. Qf4 Kg8 21. g4 hxg4 22. hxg4 Bd7 23. Nxe4 Qf7 24. Nf6+ Nxf6 25. Bxf6 Bc6 26. f3 Re6 27. g5 Rae8 28. Rd2 Re2 29. Rxe2 Rxe2 30. Qh4 Qe6 31. Qh8+ Kf7 32. Qh7+ Ke8 33. Rf2 Rxf2 34. Kxf2 1/2-1/2

[Event "2BLW 2223 SG Solingen II - Düsseldorfe"]
[Site "?"]
[Date "2023.02.04"]
[Round "5.5"]
[White "Jogstad, Martin"]
[Black "Schlecht, Daniel"]
[Result "1-0"]
[WhiteElo "2402"]
[BlackElo "2375"]
[PlyCount "83"]
[EventDate "2023.??.??"]

1. d4 d5 2. c4 c6 3. Nc3 Nf6 4. Nf3 e6 5. e3 Nbd7 6. Qc2 Bd6 7. Bd3 O-O 8. O-O dxc4 9. Bxc4 Qe7 10. Bb3 e5 11. h3 Bc7 12. Bd2 a5 13. Rae1 e4 14. Ng5 a4 15. Bxa4 h6 16. Ngxe4 Nxe4 17. Nxe4 Rxa4 18. Qxa4 Qxe4 19. f3 Qg6 20. Rc1 Nb6 21. Qc2 Bf5 22. e4 Bxh3 23. Rf2 Ra8 24. b3 Bd7 25. Be3 Bg3 26. Rd2 Qh5 27. Rdd1 Qh2+ 28. Kf1 h5 29. d5 Qh1+ 30. Bg1 cxd5 31. a4 Bc6 32. Qc5 dxe4 33. Qg5 Bc7 34. fxe4 h4 35. Rc3 Bg3 36. Rd8+ Rxd8 37. Qxd8+ Kh7 38. Qg5 g6 39. Qe7 Kh6 40. Qf8+ Kg5 41. Qd8+ Kh5 42. Rxg3 1-0

[Event "2BLW 2223 SG Solingen II - Düsseldorfe"]
[Site "?"]
[Date "2023.02.04"]
[Round "5.6"]
[White "Schaefer, Markus"]
[Black "De Gleria, Francesco"]
[Result "1/2-1/2"]
[WhiteElo "2353"]
[BlackElo "2370"]
[PlyCount "37"]
[EventDate "2023.??.??"]

1. e4 c6 2. d4 d5 3. Nc3 dxe4 4. Nxe4 Nf6 5. Nxf6+ exf6 6. c3 Bd6 7. Bd3 O-O 8. Ne2 Re8 9. O-O Nd7 10. Bf4 Nf8 11. Qd2 Ne6 12. Bxd6 Qxd6 13. Rfe1 Bd7 14. Bc4 f5 15. Rad1 Rad8 16. Qc1 Nc7 17. Nf4 Re4 18. Nd3 Be6 19. Ne5 1/2-1/2

[Event "2BLW 2223 SG Solingen II - Düsseldorfe"]
[Site "?"]
[Date "2023.02.04"]
[Round "5.7"]
[White "Harff, Marcel"]
[Black "Berg, Michael"]
[Result "1/2-1/2"]
[WhiteElo "2327"]
[BlackElo "2323"]
[PlyCount "43"]
[EventDate "2023.??.??"]

1. c4 c6 2. Nf3 d5 3. e3 Nf6 4. Nc3 g6 5. b3 Bg7 6. Bb2 O-O 7. Be2 b6 8. O-O Bb7 9. cxd5 Nxd5 10. Rc1 c5 11. d4 Nd7 12. Nxd5 Bxd5 13. Qc2 cxd4 14. Bxd4 Bxd4 15. Nxd4 Rc8 16. Qd2 Rxc1 17. Rxc1 Nc5 18. f3 Bb7 19. Rd1 a5 20. b4 axb4 21. Qxb4 Qc7 22. Nb3 1/2-1/2

[Event "2BLW 2223 SG Solingen II - Düsseldorfe"]
[Site "?"]
[Date "2023.02.04"]
[Round "5.8"]
[White "Wickenfeld, Stefan"]
[Black "Agrest, Inna"]
[Result "1/2-1/2"]
[WhiteElo "2220"]
[BlackElo "2266"]
[PlyCount "95"]
[EventDate "2023.??.??"]

1. d4 Nf6 2. Nf3 g6 3. g3 Bg7 4. Bg2 O-O 5. O-O d6 6. b3 Nbd7 7. Bb2 a5 8. c4 a4 9. Nc3 a3 10. Bc1 c6 11. Nb1 e5 12. e3 exd4 13. exd4 Ne4 14. Nxa3 Re8 15. Bb2 Qa5 16. Nb1 Ndf6 17. Nfd2 Ng5 18. h4 Nh3+ 19. Kh1 g5 20. c5 gxh4 21. gxh4 Bg4 22. f3 Bf5 23. Nc4 Nf2+ 24. Rxf2 Re1+ 25. Rf1 Rxd1 26. Nxa5 Rxf1+ 27. Bxf1 Rxa5 28. Nd2 d5 29. a4 Nh5 30. b4 Ra8 31. b5 Bc2 32. bxc6 bxc6 33. a5 Ng3+ 34. Kg2 Nxf1 35. Nxf1 Bd3 36. Ra3 Ba6 37. Ne3 Rb8 38. Bc3 h5 39. Nf5 Bf6 40. Ng3 Bxh4 41. Nxh5 Kh7 42. Kh3 Bd8 43. Kg2 Kg6 44. Ng3 Bc7 45. Kf2 f5 46. Nf1 Rb1 47. Ne3 Rh1 48. Ra1 1/2-1/2

[Event "2BLW 2223 SC Siegburg - SV Mülheim Nor"]
[Site "?"]
[Date "2023.02.04"]
[Round "5.1"]
[White "Buckels, Valentin"]
[Black "Kovchan, Alexander"]
[Result "1/2-1/2"]
[WhiteElo "2431"]
[BlackElo "2444"]
[PlyCount "146"]
[EventDate "2023.??.??"]

1. d4 Nf6 2. Nf3 g6 3. g3 d5 4. Bg2 c6 5. O-O Bg7 6. c3 O-O 7. Nbd2 Bf5 8. Nh4 Be6 9. Re1 Qd7 10. Nhf3 Bh3 11. e4 Bxg2 12. Kxg2 Na6 13. e5 Ne8 14. h4 Nec7 15. h5 c5 16. Nf1 cxd4 17. cxd4 Nb4 18. Ne3 Ne6 19. Rh1 Nc6 20. Qd3 a5 21. Bd2 Ra6 22. Rh2 Rb6 23. Bc3 Nb4 24. Qd2 f5 25. exf6 exf6 26. hxg6 hxg6 27. Nh4 Kf7 28. Qe2 Qb5 29. Qg4 Qd3 30. a3 Nc2 31. Nxc2 Qxc2 32. Re1 Re8 33. Kg1 Qd3 34. f4 Nf8 35. Rxe8 Kxe8 36. Qc8+ Ke7 37. Qc7+ Nd7 38. f5 Qb1+ 39. Kg2 Qe4+ 40. Kf1 Rc6 41. Nxg6+ Ke8 42. Qxb7 Qxf5+ 43. Nf4 Re6 44. Rf2 Re3 45. Qxd5 Qxd5 46. Nxd5 Rxg3 47. Bxa5 Kf7 48. Bd2 Rb3 49. Bc3 Bf8 50. a4 Bd6 51. a5 Ke6 52. Nf4+ Bxf4 53. Rxf4 Kd5 54. Ke2 Kc4 55. Re4 Rb5 56. Re7 Nb8 57. Re6 Rb7 58. Rxf6 Ra7 59. Rf5 Na6 60. Kd2 Rh7 61. Kc2 Rh4 62. Kb1 Nc7 63. Rc5+ Kb3 64. Rxc7 Rh1+ 65. Be1 Rxe1+ 66. Rc1 Re4 67. Rd1 Rxd4 68. Rh1 Ra4 69. Rh3+ Kb4 70. Rh8 Kxa5 71. Ra8+ Kb4 72. Rxa4+ Kxa4 73. b3+ Kxb3 1/2-1/2

[Event "2BLW 2223 SC Siegburg - SV Mülheim Nor"]
[Site "?"]
[Date "2023.02.04"]
[Round "5.2"]
[White "Baklan, Vladimir"]
[Black "Rezasade, Amir"]
[Result "1-0"]
[WhiteElo "2546"]
[BlackElo "2361"]
[PlyCount "65"]
[EventDate "2023.??.??"]

1. e4 c6 2. d4 d5 3. e5 c5 4. dxc5 e6 5. a3 Nc6 6. Nf3 Bxc5 7. Bd3 Nge7 8. b4 Bb6 9. Bb2 Ng6 10. O-O Bc7 11. Re1 a6 12. Nbd2 Nf4 13. Bf1 O-O 14. Nb3 b6 15. h4 Ng6 16. h5 Nh4 17. h6 g6 18. Nh2 Nf5 19. Ng4 Kh8 20. g3 Bb7 21. Bg2 Qb8 22. Qe2 Nce7 23. Rad1 Bc6 24. c4 Rd8 25. cxd5 Bxd5 26. Bxd5 Nxd5 27. Qf3 Nde7 28. Rd6 Ng8 29. Nd4 Re8 30. Rd7 Re7 31. Nc6 Qb7 32. Rd3 Ree8 33. Nd8 1-0

[Event "2BLW 2223 SC Siegburg - SV Mülheim Nor"]
[Site "?"]
[Date "2023.02.04"]
[Round "5.3"]
[White "Van Osch, Mees"]
[Black "Hoffmann, Michael"]
[Result "1/2-1/2"]
[WhiteElo "2374"]
[BlackElo "2420"]
[PlyCount "43"]
[EventDate "2023.??.??"]

1. e4 c5 2. Nf3 d6 3. d4 cxd4 4. Nxd4 Nf6 5. Nc3 a6 6. Be3 e5 7. Nb3 Be6 8. h3 Be7 9. g4 d5 10. exd5 Nxd5 11. Bg2 Nxe3 12. Qxd8+ Bxd8 13. fxe3 Bh4+ 14. Kf1 Bc4+ 15. Kg1 Nc6 16. Nc5 O-O-O 17. b3 Bg5 18. Re1 Bh4 19. Rb1 Bg5 20. Re1 Bh4 21. Rb1 Bg5 22. Re1 1/2-1/2

[Event "2BLW 2223 SC Siegburg - SV Mülheim Nor"]
[Site "?"]
[Date "2023.02.04"]
[Round "5.4"]
[White "Omelja, Artem"]
[Black "Van Meegen, Ruud"]
[Result "1-0"]
[WhiteElo "2437"]
[BlackElo "2311"]
[PlyCount "53"]
[EventDate "2023.??.??"]

1. Nf3 d5 2. e3 Nf6 3. c4 e6 4. b3 Be7 5. Bb2 O-O 6. Nc3 c5 7. cxd5 Nxd5 8. Qc2 Nc6 9. h4 Nxc3 10. Bxc3 b6 11. Ng5 f5 12. Bc4 Qd6 13. g4 b5 14. gxf5 Bxg5 15. hxg5 b4 16. f6 g6 17. f7+ Kxf7 18. Rxh7+ Ke8 19. Qxg6+ Kd8 20. Bf6+ Rxf6 21. Qxf6+ Ne7 22. g6 Bb7 23. d4 cxd4 24. Rd1 d3 25. Rxd3 Qxd3 26. Qxe7+ Kc8 27. Qc7# 1-0

[Event "2BLW 2223 SC Siegburg - SV Mülheim Nor"]
[Site "?"]
[Date "2023.02.04"]
[Round "5.5"]
[White "Stillger, Bernhard"]
[Black "Zavgorodniy, Sergiy"]
[Result "1/2-1/2"]
[WhiteElo "2289"]
[BlackElo "2406"]
[PlyCount "40"]
[EventDate "2023.??.??"]

1. d4 Nf6 2. Nf3 d6 3. c4 g6 4. Nc3 Bf5 5. Nh4 Qc8 6. Nxf5 Qxf5 7. Qb3 Qc8 8. e3 Bg7 9. Be2 O-O 10. O-O e5 11. dxe5 dxe5 12. Nd5 Re8 13. Bd2 Ne4 14. Bb4 Nc6 15. Rfd1 Nxb4 16. Qxb4 Kh8 17. Qa5 c6 18. Nc3 Nxc3 19. Qxc3 e4 20. Qc2 Qc7 1/2-1/2

[Event "2BLW 2223 SC Siegburg - SV Mülheim Nor"]
[Site "?"]
[Date "2023.02.04"]
[Round "5.6"]
[White "Roshka, Yevgeniy"]
[Black "Hoenig, Alexander"]
[Result "1-0"]
[WhiteElo "2503"]
[BlackElo "2200"]
[PlyCount "127"]
[EventDate "2023.??.??"]

1. d4 d5 2. c4 c6 3. Nf3 Nf6 4. Qc2 dxc4 5. Qxc4 Qd5 6. Qa4 Bf5 7. Nc3 Qd8 8. Nh4 Be6 9. g3 Nbd7 10. Bg2 Nb6 11. Qd1 Bc4 12. b3 Ba6 13. Ba3 Nbd5 14. Qd2 Qa5 15. Na4 Qxd2+ 16. Kxd2 O-O-O 17. Rhd1 Nb6 18. Nxb6+ axb6 19. Ke1 e6 20. Bxf8 Rhxf8 21. Rac1 Rd6 22. Nf3 Kd8 23. Ne5 Nd7 24. Nxd7 Kxd7 25. f4 Ke7 26. Rd2 Rfd8 27. Rcd1 f6 28. e3 R8d7 29. Bf3 c5 30. d5 e5 31. Bg4 Rd8 32. e4 Bb5 33. Rf2 Bd7 34. Bxd7 R6xd7 35. fxe5 fxe5 36. Rf5 Kd6 37. a4 Ra8 38. Rc1 b5 39. axb5 Ra5 40. Kd2 Rxb5 41. Rf3 b6 42. Rc4 Ra7 43. Rfc3 Ra2+ 44. Rc2 Rba5 45. b4 Rxc2+ 46. Kxc2 Ra7 47. bxc5+ bxc5 48. Kb3 Rb7+ 49. Kc3 Rf7 50. Ra4 Rf3+ 51. Kb2 Rf2+ 52. Kc3 Rxh2 53. Ra6+ Kd7 54. Re6 Rh3 55. Rxe5 Rxg3+ 56. Kc4 Rg1 57. Kxc5 g6 58. Re6 h5 59. Ra6 h4 60. Ra7+ Kd8 61. e5 Ke8 62. e6 h3 63. Rh7 Rg3 64. e7 1-0

[Event "2BLW 2223 SC Siegburg - SV Mülheim Nor"]
[Site "?"]
[Date "2023.02.04"]
[Round "5.7"]
[White "Helmer, Christoph"]
[Black "Albrecht, Oliver"]
[Result "1-0"]
[WhiteElo "2207"]
[BlackElo "2178"]
[PlyCount "77"]
[EventDate "2023.??.??"]

1. e4 c5 2. Nf3 d6 3. d4 cxd4 4. Nxd4 Nf6 5. Nc3 a6 6. f3 e5 7. Nb3 Be6 8. Be3 Be7 9. Qd2 O-O 10. O-O-O Nbd7 11. g4 b5 12. g5 b4 13. Ne2 Ne8 14. f4 a5 15. f5 a4 16. fxe6 axb3 17. cxb3 fxe6 18. Bh3 Nc7 19. Kb1 Kh8 20. Rc1 d5 21. exd5 exd5 22. Rxc7 Qxc7 23. Qxd5 Nb6 24. Qe4 Ra6 25. Nc1 Qd6 26. Bf1 Ra5 27. Bd3 g6 28. h4 Kg7 29. h5 Rf5 30. hxg6 hxg6 31. Qh4 Kf7 32. Qh7+ Ke8 33. Bxf5 gxf5 34. Qg8+ Kd7 35. Rh6 Qd5 36. Qg6 Qe4+ 37. Ka1 Nc8 38. Qe6+ Kc7 39. Bb6+ 1-0

[Event "2BLW 2223 SC Siegburg - SV Mülheim Nor"]
[Site "?"]
[Date "2023.02.04"]
[Round "5.8"]
[White "Kolkin, Michail"]
[Black "Schmidt, Kevin"]
[Result "1-0"]
[WhiteElo "2323"]
[BlackElo "1991"]
[PlyCount "103"]
[EventDate "2023.??.??"]

1. Nf3 d5 2. g3 Nf6 3. Bg2 c6 4. O-O Bg4 5. d4 Nbd7 6. Nbd2 e6 7. Re1 Be7 8. e4 dxe4 9. Nxe4 O-O 10. Nxf6+ Nxf6 11. c3 Qb6 12. Qb3 Rfd8 13. Ne5 Bf5 14. Nc4 Qxb3 15. axb3 Nd5 16. Bd2 Nb6 17. Na5 Rd7 18. h4 Rc8 19. Bf3 h6 20. h5 Kf8 21. Kg2 Nd5 22. Nc4 b6 23. Ra6 Bg5 24. Bxg5 hxg5 25. Ne5 Rb7 26. b4 f6 27. Ng4 Bxg4 28. Bxg4 f5 29. Bd1 Kf7 30. Bb3 Kf6 31. f3 f4 32. Bxd5 cxd5 33. gxf4 gxf4 34. Kh3 g6 35. hxg6 Rg8 36. Rg1 Rbg7 37. Rg4 Kf5 38. Ra1 Rh8+ 39. Kg2 Rh6 40. b5 Rhxg6 41. Rxg6 Kxg6 42. Kf2 Kf5 43. Rh1 Rf7 44. Rh5+ Kg6 45. Rh2 a6 46. bxa6 Ra7 47. Rh8 Rxa6 48. Rb8 Kf6 49. Ke2 e5 50. Kd3 exd4 51. Kxd4 Ke6 52. b4 1-0

[Event "2BLW 2223 SF Neuberg - Aachener SV"]
[Site "?"]
[Date "2023.02.05"]
[Round "6.1"]
[White "Seel, Christian"]
[Black "Lubbe, Nikolas"]
[Result "1/2-1/2"]
[WhiteElo "2483"]
[BlackElo "2487"]
[PlyCount "94"]
[EventDate "2023.??.??"]

1. Nf3 Nf6 2. c4 e6 3. Nc3 Bb4 4. Qc2 d5 5. a3 Be7 6. d4 Nbd7 7. e4 Nxe4 8. Nxe4 dxe4 9. Qxe4 c5 10. Be3 Qa5+ 11. Bd2 Qb6 12. b4 Nf6 13. Qc2 cxd4 14. c5 Qc7 15. Nxd4 Qe5+ 16. Be3 Nd5 17. Bb5+ Kf8 18. Qe2 Nxe3 19. fxe3 Bh4+ 20. g3 Bf6 21. O-O h5 22. Rad1 a6 23. Ba4 a5 24. Qb5 g5 25. Nf3 Qxe3+ 26. Kh1 Kg7 27. Rde1 Qxa3 28. Ne5 Qxb4 29. Qe2 Rh6 30. Nxf7 Qxa4 31. Nxh6 Qc6+ 32. Qg2 Bd7 33. h4 gxh4 34. Rf3 h3 35. Qf2 Kxh6 36. Kh2 Bg7 37. Rd1 Kh7 38. Rd6 Qb5 39. Rf7 Be8 40. Rxg7+ Kxg7 41. Rxe6 Qd7 42. Qf6+ Kg8 43. Re7 Qg4 44. Re5 Kh7 45. Re7+ Kg8 46. Re5 Kh7 47. Re7+ Kg8 1/2-1/2

[Event "2BLW 2223 SF Neuberg - Aachener SV"]
[Site "?"]
[Date "2023.02.05"]
[Round "6.2"]
[White "Lubbe, Melanie"]
[Black "Nagy, Gabor"]
[Result "0-1"]
[WhiteElo "2261"]
[BlackElo "2495"]
[PlyCount "84"]
[EventDate "2023.??.??"]

1. e4 c5 2. Nf3 e6 3. d4 cxd4 4. Nxd4 a6 5. Be2 Nf6 6. Nc3 Qc7 7. O-O d6 8. a4 Nc6 9. Be3 Be7 10. f4 Bd7 11. Nb3 b6 12. Kh1 O-O 13. Qe1 Nb4 14. Bd3 Rac8 15. Qg3 g6 16. Nd2 b5 17. axb5 axb5 18. Ra7 Qd8 19. e5 Nh5 20. Qf2 dxe5 21. fxe5 Nc6 22. Rxd7 Qxd7 23. Bxb5 f6 24. Bh6 Ng7 25. Nf3 Qa7 26. Qe2 fxe5 27. Bxc6 Rxc6 28. Nxe5 Ra6 29. Rd1 Rd8 30. Be3 Rxd1+ 31. Nxd1 Qb7 32. Nd3 Ra1 33. b3 Qe4 34. N3f2 Qc6 35. Bd4 Rb1 36. Qe5 Bf8 37. Bc3 Qc5 38. Qe1 Qd5 39. Nd3 Bd6 40. N3f2 Nf5 41. Bd2 Nh4 42. Ne4 Qe5 0-1

[Event "2BLW 2223 SF Neuberg - Aachener SV"]
[Site "?"]
[Date "2023.02.05"]
[Round "6.3"]
[White "Koch, Thomas"]
[Black "Kuenstler, Christian"]
[Result "1/2-1/2"]
[WhiteElo "2436"]
[BlackElo "2262"]
[PlyCount "88"]
[EventDate "2023.??.??"]

1. d4 Nf6 2. c4 e6 3. Nf3 Bb4+ 4. Bd2 Bxd2+ 5. Qxd2 O-O 6. Nc3 d5 7. Rc1 b6 8. cxd5 Nxd5 9. e4 Nxc3 10. Qxc3 Bb7 11. Bd3 c5 12. dxc5 bxc5 13. O-O Nd7 14. Rfd1 Qe7 15. Nd2 Rfd8 16. Nc4 Nb6 17. Na5 Rac8 18. b3 Rd4 19. f3 Rcd8 20. Be2 Rxd1+ 21. Bxd1 Ba8 22. Be2 Rc8 23. Ba6 Rc7 24. Qe5 f6 25. Qc3 Qd6 26. Be2 Rc8 27. Rd1 Qc7 28. a3 Kf7 29. Ba6 Rb8 30. Bb5 Rc8 31. Rc1 Qd6 32. Ba6 Rc7 33. Bd3 Rc8 34. Be2 Qd4+ 35. Kf1 Qxc3 36. Rxc3 Ke7 37. Ba6 Rc7 38. h4 Kd6 39. Ke2 Ke7 40. Bb5 Kd6 41. Rc1 Rc8 42. Rd1+ Ke7 43. Ke3 Rc7 44. Rd2 Rc8 1/2-1/2

[Event "2BLW 2223 SF Neuberg - Aachener SV"]
[Site "?"]
[Date "2023.02.05"]
[Round "6.4"]
[White "Lutz, Klaus-Juergen"]
[Black "Vandenbussche, Thibaut"]
[Result "0-1"]
[WhiteElo "2272"]
[BlackElo "2442"]
[PlyCount "38"]
[EventDate "2023.??.??"]

1. e4 d6 2. d4 Nf6 3. Nc3 e5 4. Nf3 Nbd7 5. Rg1 c6 6. g4 h6 7. Be3 Be7 8. g5 hxg5 9. Nxg5 exd4 10. Bxd4 Ne5 11. f4 Nfg4 12. Nxf7 Bh4+ 13. Kd2 Kxf7 14. fxe5 dxe5 15. Qf3+ Ke8 16. Nd5 exd4 17. Rxg4 Bxg4 18. Nc7+ Qxc7 19. Qxg4 Qa5+ 0-1

[Event "2BLW 2223 SF Neuberg - Aachener SV"]
[Site "?"]
[Date "2023.02.05"]
[Round "6.5"]
[White "Lemmers, Oscar"]
[Black "Schaffer, Hendrik"]
[Result "1/2-1/2"]
[WhiteElo "2355"]
[BlackElo "2217"]
[PlyCount "49"]
[EventDate "2023.??.??"]

1. e4 g6 2. d4 Bg7 3. Nc3 c6 4. Nf3 d5 5. exd5 cxd5 6. Bf4 Nf6 7. Nb5 Na6 8. h3 O-O 9. c3 Bf5 10. Be2 Ne8 11. Qb3 Nb8 12. Na3 Bc8 13. O-O Nc6 14. Rfe1 a6 15. Nb1 Nf6 16. Nbd2 e6 17. Bd3 Re8 18. Qd1 b5 19. b4 Qb6 20. Nb3 Nd7 21. Nc5 Nxc5 22. bxc5 Qa5 23. Bd2 Qc7 24. a4 bxa4 25. Rxa4 1/2-1/2

[Event "2BLW 2223 SF Neuberg - Aachener SV"]
[Site "?"]
[Date "2023.02.05"]
[Round "6.6"]
[White "Sergin, Mark"]
[Black "Piceu, Tom"]
[Result "1-0"]
[WhiteElo "2221"]
[BlackElo "2299"]
[PlyCount "105"]
[EventDate "2023.??.??"]

1. e4 c5 2. Nc3 a6 3. Nge2 d6 4. g3 Nc6 5. Bg2 g6 6. O-O Bg7 7. d3 e6 8. Be3 Nge7 9. d4 cxd4 10. Nxd4 O-O 11. a4 Qc7 12. Nxc6 Nxc6 13. f4 Nb4 14. Ra3 Bd7 15. a5 Bb5 16. Nxb5 axb5 17. c3 Nc6 18. Bb6 Qd7 19. b4 Rac8 20. Qd3 Ne7 21. Rd1 Qc6 22. e5 d5 23. Bc5 Rfe8 24. Bf1 g5 25. Qxb5 gxf4 26. a6 bxa6 27. Rxa6 Qc7 28. gxf4 Ng6 29. Ra7 Qd8 30. Qb7 Nh8 31. Be7 Rxe7 32. Qxe7 Qb6+ 33. Rd4 Qc6 34. c4 Bf8 35. Qb7 dxc4 36. Rxc4 Qxb7 37. Rxb7 Rd8 38. Rbc7 Rb8 39. Rc8 Rb6 40. Bd3 Kg7 41. Bxh7 Bxb4 42. Bc2 Bd2 43. Rd8 Be3+ 44. Kg2 Rb7 45. Rcc8 Ng6 46. Rg8+ Kh6 47. Kf3 Bg1 48. Bxg6 fxg6 49. Rh8+ Kg7 50. Rcg8+ Kf7 51. Rh7+ Kxg8 52. Rxb7 Bxh2 53. Re7 1-0

[Event "2BLW 2223 SF Neuberg - Aachener SV"]
[Site "?"]
[Date "2023.02.05"]
[Round "6.8"]
[White "Koller, Jens"]
[Black "Meessen, Rudolf"]
[Result "1/2-1/2"]
[WhiteElo "2147"]
[BlackElo "2178"]
[PlyCount "84"]
[EventDate "2023.??.??"]

1. e4 d6 2. d4 Nf6 3. Nc3 e5 4. dxe5 dxe5 5. Qxd8+ Kxd8 6. Nf3 Bd6 7. Bg5 Be6 8. O-O-O Nbd7 9. Nb5 Ke7 10. Nxd6 cxd6 11. Nd2 h6 12. Bh4 g5 13. Bg3 Nh5 14. Nc4 Nxg3 15. hxg3 Nf6 16. f3 Bxc4 17. Bxc4 Rhe8 18. Bb3 h5 19. Rhf1 h4 20. f4 gxf4 21. gxf4 Rg8 22. fxe5 dxe5 23. Rd2 Rg5 24. Rf3 Rg3 25. Rf5 Rh8 26. Rf1 Rg5 27. Rf3 Rg3 28. Rf5 Rh5 29. Rf1 Rhg5 30. Rdf2 Rg6 31. Rf5 R3g5 32. R5f3 Rxg2 33. c3 Rg1 34. Rxf6 h3 35. Rxf7+ Kd6 36. Rd1+ Rxd1+ 37. Bxd1 h2 38. Rh7 Rg2 39. Bf3 Rf2 40. Rh3 Rxf3 41. Rxh2 Re3 42. Kd2 Rxe4 1/2-1/2

[Event "2BLW 2223 SV Oberursel - SG Porz"]
[Site "?"]
[Date "2023.02.05"]
[Round "6.1"]
[White "Lutz, Christopher"]
[Black "Heinz, Axel"]
[Result "1-0"]
[WhiteElo "2527"]
[BlackElo "2437"]
[PlyCount "93"]
[EventDate "2023.??.??"]

1. e4 e5 2. Nf3 Nc6 3. Bb5 a6 4. Ba4 Nf6 5. O-O b5 6. Bb3 Bc5 7. c3 d6 8. d4 Bb6 9. Be3 O-O 10. Nbd2 h6 11. h3 Re8 12. Re1 Na5 13. Bc2 c5 14. d5 c4 15. b4 cxb3 16. axb3 Bxe3 17. Rxe3 Qb6 18. b4 Nb7 19. c4 Bd7 20. Qb1 Rec8 21. Bd3 Nh5 22. Bf1 Nf4 23. Rea3 Ra7 24. Qe1 Ng6 25. Qe3 Qxe3 26. fxe3 bxc4 27. Nxc4 a5 28. bxa5 Nc5 29. Nxd6 Rca8 30. Nd2 Kf8 31. a6 Ke7 32. Nb7 Rc8 33. Nxc5 Rxc5 34. Rb3 Bc8 35. Rb6 Nf8 36. Nb3 Nd7 37. Nxc5 Nxb6 38. Rb1 Nd7 39. Nxd7 Kxd7 40. Rc1 Kd8 41. Kf2 Ra8 42. Rc6 Bd7 43. Rb6 Kc7 44. Rb7+ Kd6 45. g4 f6 46. Ke1 Rc8 47. Kd2 1-0

[Event "2BLW 2223 SV Oberursel - SG Porz"]
[Site "?"]
[Date "2023.02.05"]
[Round "6.2"]
[White "Margolin, Boris"]
[Black "Braun, Christian"]
[Result "1/2-1/2"]
[WhiteElo "2379"]
[BlackElo "2446"]
[PlyCount "52"]
[EventDate "2023.??.??"]

1. e4 e6 2. d4 d5 3. Nc3 Nf6 4. e5 Nfd7 5. f4 c5 6. Nf3 Nc6 7. Be3 a6 8. Qd2 Be7 9. Be2 b5 10. O-O Qb6 11. Nd1 b4 12. c3 a5 13. Rc1 bxc3 14. bxc3 Ba6 15. c4 cxd4 16. Nxd4 Nxd4 17. Bxd4 Bc5 18. Bf2 Qb4 19. Qc2 Rc8 20. Rb1 Bxf2+ 21. Nxf2 Qc5 22. Qa4 Bxc4 23. Rfc1 Qc6 24. Qa3 Qc5 25. Qa4 Qc6 26. Qa3 Qc5 1/2-1/2

[Event "2BLW 2223 SV Oberursel - SG Porz"]
[Site "?"]
[Date "2023.02.05"]
[Round "6.3"]
[White "Xu, Xianliang"]
[Black "Dubiel, Jacek"]
[Result "1-0"]
[WhiteElo "2450"]
[BlackElo "2374"]
[PlyCount "73"]
[EventDate "2023.??.??"]

1. e4 e5 2. f4 exf4 3. Nf3 d6 4. Bc4 h6 5. d4 g5 6. O-O Bg7 7. c3 Nc6 8. h4 Qe7 9. b4 Bd7 10. a4 O-O-O 11. a5 Nf6 12. b5 Nb8 13. b6 cxb6 14. axb6 a6 15. e5 dxe5 16. Ba3 Qe8 17. Nxe5 Be6 18. Re1 Nd5 19. Bxd5 Rxd5 20. c4 Rxe5 21. dxe5 Qc6 22. Bd6 Rd8 23. c5 gxh4 24. Nd2 h3 25. Nf3 Rg8 26. Ra4 Bh8 27. Rxf4 Rxg2+ 28. Kh1 Nd7 29. Ree4 h5 30. Nd4 Qd5 31. Qxh5 Rg8 32. Nxe6 Nf6 33. Qxh3 Qd1+ 34. Rf1 Nxe4 35. Ng5+ Kd8 36. Nxf7+ Ke8 37. Qe6# 1-0

[Event "2BLW 2223 SV Oberursel - SG Porz"]
[Site "?"]
[Date "2023.02.05"]
[Round "6.4"]
[White "Stork, Oliver"]
[Black "Rotstein, Arkadij"]
[Result "1-0"]
[WhiteElo "2353"]
[BlackElo "2460"]
[PlyCount "67"]
[EventDate "2023.??.??"]

1. e4 c5 2. Nc3 e6 3. Nge2 a6 4. g3 b5 5. Bg2 Bb7 6. O-O b4 7. Na4 Nf6 8. d3 d5 9. e5 Nfd7 10. c4 bxc3 11. bxc3 Be7 12. c4 O-O 13. Rb1 Bc6 14. cxd5 Bxd5 15. Bxd5 exd5 16. f4 Nc6 17. Nec3 d4 18. Nd5 Nb4 19. Qb3 Rb8 20. Bd2 Nxd5 21. Qxd5 Rb5 22. f5 Bg5 23. e6 Bxd2 24. exd7 Be3+ 25. Kg2 c4 26. Rxb5 axb5 27. Nc5 Qa8 28. Qxa8 Rxa8 29. Nb7 Bg5 30. f6 Bxf6 31. Rxf6 gxf6 32. Kf3 c3 33. Ke2 Rxa2+ 34. Kd1 1-0